History Quiz

Random History or Country Quiz

US Military Interventions Since WWII Quiz Stats

 Plays Quiz Updated Nov 23, 2018

Challenge
Share
Tweet
Embed
Score 0/55 Timer 05:00
4 Plays Today
Year Country % Correct
1990-1991Iraq
97.2%
2003-2011Iraq
97.2%
2014-presentIraq
96.1%
1951-1953South Korea
93.2%
1959-1975Vietnam
93.1%
1951-1953North Korea
92.9%
1998Afghanistan
91.1%
2001-presentAfghanistan
91.1%
1945-1949Germany
89.4%
1980Iran
86.6%
1987-1988Iran
86.6%
1945-1949Japan
85.8%
2014-presentSyria
80.7%
1961Cuba
77.1%
1948-1949China
73.8%
1981Libya
73%
1986Libya
73%
2011Libya
71.9%
1945-1949Italy
71.8%
2004-presentPakistan
68.5%
1989Libya
68.4%
1982Egypt
67.2%
1991Kuwait
66.9%
1969-1975Cambodia
63.3%
1964Panama
63%
1962-1975Laos
62.2%
1992-1994Somalia
61.6%
2006-2009Somalia
61.6%
Year Country % Correct
1989Panama
60%
2008Syria
58.8%
1993-1996Serbia
54%
1945-1949Austria
50.9%
1958Lebanon
49.9%
1982-1983Lebanon
49.9%
1999Serbia
49.6%
1981-1990Nicaragua
48.6%
1989Philippines
48.3%
1983Grenada
47.5%
1999Kosovo
47%
2003-presentColombia
46.9%
2002-presentYemen
43.7%
1994-1995Haiti
42.5%
1998Sudan
41.5%
1962Thailand
41.2%
1946-1949Greece
40%
1966Guatemala
39.8%
1983-1989Honduras
35.1%
1993-1995Bosnia and Herzegovina
34.3%
1965-1967Dominican Republic
29.7%
1997Albania
29.3%
1993-1996Montenegro
27.5%
1990-1991Liberia
20.5%
2003Liberia
18.7%
1986Bolivia
18%
2001Macedonia
17%

You're not logged in!

Compare scores with friends on all Sporcle quizzes.
OR
Log In

You Might Also Like...

Show Comments

Extras

Top Quizzes Today


Score Distribution

Your Account Isn't Verified!

In order to create a playlist on Sporcle, you need to verify the email address you used during registration. Go to your Sporcle Settings to finish the process.

Report this User

Report this user for behavior that violates our Community Guidelines.

Details: